Derecho y sociedad

Bewaard in:
Bibliografische gegevens
Hoofdauteur: Figueroa Yáñez, Gonzalo (autor)
Formaat: Boek
Taal:Spaans
Gepubliceerd in: Santiago CPU 1978
Onderwerpen:
Tags: Voeg label toe
Geen labels, Wees de eerste die dit record labelt!

MARC

LEADER 00000nam a2200000 a 4500
001 UCT8860
003 CL-VaPUC
008 970326e19780000CL |||||||||||||||||spa|d
082 0 4 |a 340.115  |b FIG  |2 21 
100 |a Figueroa Yáñez, Gonzalo  |e autor  |9 296658 
245 1 0 |a Derecho y sociedad 
300 |a 289 p 
942 |c BK 
945 |d 19970326 00:00:00  |a paguirre 
260 |a Santiago  |b CPU  |c 1978 
650 7 |a DERECHO  |2 CL-VaPUC  |9 381017 
650 0 |a Sociedad  |9 307903 
650 0 |a Derecho y sociedad   |9 255963 
650 0 |a Investigación jurídica  |9 328647 
650 0 |a Teoría del derecho  |9 255982 
583 |a last modification  |c 19970326 00:00:00  |k Rodrigo Vera 
999 |c 257332  |d 257330 
952 |0 0  |1 0  |4 0  |6 340_115000000000000_FIG_1978  |7 0  |8 A  |9 280719  |a BIBDER  |b BIBDER  |d 2019-11-19  |i 1818740  |o 340.115 FIG 1978  |p 1818740  |r 2023-01-25  |w 2019-11-19  |y BK  |k DER 
952 |0 0  |1 0  |4 0  |6 340_115000000000000_FIG_1978  |7 0  |8 A  |9 280720  |a BIBDER  |b BIBDER  |d 2019-11-19  |i 1818759  |o 340.115 FIG 1978  |p 1818759  |r 2019-11-19  |w 2019-11-19  |y BK  |k DER 
952 |0 0  |1 0  |4 0  |6 340_115000000000000_FIG_1978  |7 0  |8 DER_TF  |9 280721  |a BIBDER  |b BIBDER  |d 2019-11-19  |i 1884069  |o 340.115 FIG 1978  |p 1884069  |r 2023-01-25  |w 2019-11-19  |x Ubicación 4to Piso  |y BK  |z Estos recursos deben solicitarse con anticipación  |k DER 
952 |0 0  |1 0  |4 0  |6 340_115000000000000_FIG_1978  |7 0  |8 A  |9 280722  |a BIBHIS  |b BIBHIS  |d 2019-11-19  |i 1208268  |o 340.115 FIG 1978  |p 1208268  |r 2025-01-20  |w 2019-11-19  |y BK  |k HIS 
952 |0 0  |1 0  |4 0  |6 340_115000000000000_FIG_1978  |7 0  |8 A  |9 280723  |a BIBHIS  |b BIBHIS  |d 2019-11-19  |i 1208896  |o 340.115 FIG 1978  |p 1208896  |r 2025-01-20  |w 2019-11-19  |y BK  |k HIS